000 00732nam a2200217Ii 4500
003 JO-AjNU
008 230605s9999||||xx |||||||||||||| ||und||
040 _aJO-AjNU
_bara
_erda
_cJO-AjNU
041 _aara
050 1 4 _aBP134.S3.U2252 2005
100 3 _aالعبيدي، خالد فائق,
_eauthor
_938227
245 0 0 _aالأرض
250 _aط1
264 3 1 _aبيروت: دار الكتب العلمية، 2005
300 _a109ص
336 _atext
_btxt
_2rdacontent
337 _aunmediated
_bn
_2rdamedia
338 _avolume
_bnc
_2rdacarrier
490 0 _aسلسلة ومضات اعجازية من القران والسنة النبوية 4
650 4 _aالقران الكريم - اعجاز - الارض
_938228
999 _aA16043
_c19611
_d19611